Top 10 Songs by 38 Special - Statistics

General Stats
  • This quiz has been taken 3 times
  • The average score is 4 of 10
Answer Stats
Hint Answer % Correct
1 Hold On Loosely
100%
2 Caught up in You
50%
7 Fantasy Girl
50%
5 If I'd Been the One
50%
4 Rockin' Into the Night
50%
3 Second Chance
50%
8 Wild-Eyed Southern Boys
50%
6 Back Where You Belong
0%
10 Like No Other Night
0%
9 Teacher, Teacher
0%
No matching quizzes found
Score Distribution
Percent of People with Each Score
Percentile by Number Answered
Your Score History
You have not taken this quiz